Statistics for NBA QUIZ (all-time)

Click here to take the quiz!

General Stats

  • This quiz has been taken 60 times
  • The average score is 4 of 6

Answer Stats

QuestionAnswer% Correct
HOW MANY RINGS DOES LEBRON HAVE WITH THE LAKERS?1
94%
HOW MANY TIMES DID THE BULLS WIN THE NBA FINALS?6
88%
WHO HAS THE MOST CAREER POINTS OUT OF THESE PLAYERS?MOSES MALONE
79%
IN WHAT YEARS DID THE PISTONS WIN THE NBA FINALS?89,90,04
67%
HOW MANY 3 POINTERS DID YAO MING MAKE IN HIS CAREER?2
33%
HOW MANY TEAMS DID DENNIS RODMAN PLAY FOR?6
12%

Score Distribution

Percentile by Number Answered

Percent of People with Each Score

Your Score History

You have not taken this quiz